| 000 | 00696nam a22002177a 4500 | ||
|---|---|---|---|
| 003 | UA-OsUOA | ||
| 001 | 44082 | ||
| 007 | ta | ||
| 008 | 20100204b un ||||| |||| 00| 0 ukr d | ||
| 090 |
_a82-92(Публ.) _bП36 |
||
| 942 | _cBR | ||
| 040 |
_aUA-OsUOA _bukr _cUA-OsUOA _dUA-OsUOA |
||
| 245 | _aПід світовий суд Росію за народовбивчий голод в Україні | ||
| 300 | _a16 с. | ||
| 955 | _a4 | ||
| 041 | _aukr | ||
| 080 | _a82-92(Публ.) | ||
| 246 | 3 | 1 | _a1933-1983 У 50-ту річницю знищення 7-8 мільйонів українців |
| 650 | 7 |
_a82 Література. Літературознавство _2UDC |
|
| 999 |
_c423965 _d423965 |
||